Database system implementation / (Record no. 188418)
[ view plain ]
| 000 -LEADER | |
|---|---|
| fixed length control field | 01038 a2200217 4500 |
| 003 - CONTROL NUMBER IDENTIFIER | |
| control field | Nust |
| 005 - DATE AND TIME OF LATEST TRANSACTION | |
| control field | 20221014150442.0 |
| 010 ## - LIBRARY OF CONGRESS CONTROL NUMBER | |
| LC control number | 99031049 |
| 020 ## - INTERNATIONAL STANDARD BOOK NUMBER | |
| International Standard Book Number | 8178082993 |
| 040 ## - CATALOGING SOURCE | |
| Transcribing agency | Nust |
| 082 00 - DEWEY DECIMAL CLASSIFICATION NUMBER | |
| Classification number | 005.74,GAR |
| 100 1# - MAIN ENTRY--PERSONAL NAME | |
| Personal name | Garcia-Molina, Hector. |
| 9 (RLIN) | 100334 |
| 245 10 - TITLE STATEMENT | |
| Title | Database system implementation / |
| Statement of responsibility, etc. | Hector Garcia-Molina, Jeffrey D. Ullman, Jennifer Widom. |
| 260 ## - PUBLICATION, DISTRIBUTION, ETC. | |
| Place of publication, distribution, etc. | Upper Saddle River, N.J. : |
| Name of publisher, distributor, etc. | Prentice Hall, |
| Date of publication, distribution, etc. | c2000. |
| 300 ## - PHYSICAL DESCRIPTION | |
| Extent | xv, 653 p. : |
| Other physical details | ill. ; |
| Dimensions | 25 cm. |
| 505 ## - FORMATTED CONTENTS NOTE | |
| Formatted contents note | Introduction to DBMS implementation(Page-1), Data Storage (Page-21), Representing Data Elements (Page-83), Index Structures (Page-123), Multidimensional Indexes (Page-187), Query Execution (Page-237), The Query Compiler (Page-329), Coping With System Failures (Page-423), Concurrency Control (Page-467), More About Transaction Management (Page-541), Information Integration (Page-595). |
| 650 #0 - SUBJECT ADDED ENTRY--TOPICAL TERM | |
| Topical term or geographic name entry element | Database management. |
| 700 1# - ADDED ENTRY--PERSONAL NAME | |
| Personal name | Ullman, Jeffrey D., |
| Dates associated with a name | 1942- |
| 9 (RLIN) | 94174 |
| 700 1# - ADDED ENTRY--PERSONAL NAME | |
| Personal name | Widom, Jennifer. |
| 9 (RLIN) | 100335 |
| 942 ## - ADDED ENTRY ELEMENTS (KOHA) | |
| Source of classification or shelving scheme | |
| Koha item type | Book |
| Call number prefix | 005.74,GAR |
| Withdrawn status | Lost status | Source of classification or shelving scheme | Damaged status | Not for loan | Permanent Location | Current Location | Shelving location | Date acquired | Full call number | Barcode | Date last seen | Price effective from | Koha item type | Public note |
|---|---|---|---|---|---|---|---|---|---|---|---|---|---|---|
| Military College of Signals (MCS) | Military College of Signals (MCS) | General Stacks | 12/12/2016 | 005.74,GAR | MCS32584 | 12/08/2016 | 12/12/2016 | Book | Almirah No.6, Shelf No.6 | |||||
| Military College of Signals (MCS) | Military College of Signals (MCS) | General Stacks | 12/12/2016 | 005.74,GAR | MCS34709 | 12/08/2016 | 12/12/2016 | Book | Almirah No.6, Shelf No.6 |
